Nursing calculations. -- 7th ed. (Record no. 32198)

MARC details
000 -LEADER
fixed length control field 00714nam a2200205 a 4500
008 - FIXED-LENGTH DATA ELEMENTS--GENERAL INFORMATION
fixed length control field 120228s2006 ||||||||||||||||| || u
020 ## - INTERNATIONAL STANDARD BOOK NUMBER
International Standard Book Number 9780443102882
050 ## - LIBRARY OF CONGRESS CALL NUMBER
Classification number RS 57 Gat
100 ## - MAIN ENTRY--PERSONAL NAME
Personal name N. Philips
245 10 - TITLE STATEMENT
Title Nursing calculations. -- 7th ed.
Statement of responsibility, etc. by J. D. Gatford and N. Philips
250 ## - EDITION STATEMENT
Edition statement 7th ed.
260 ## - PUBLICATION, DISTRIBUTION, ETC.
Place of publication, distribution, etc. London:
Name of publisher, distributor, etc. Elsevier
Date of publication, distribution, etc. 2006
300 ## - PHYSICAL DESCRIPTION
Extent ix, 142p.: ill.
350 ## -
-- 0.00
500 ## - GENERAL NOTE
General note Includes Index
650 ## - SUBJECT ADDED ENTRY--TOPICAL TERM
Topical term or geographic name entry element PHARMACEUTICAL ARITHMETIC
650 ## - SUBJECT ADDED ENTRY--TOPICAL TERM
Topical term or geographic name entry element NURSING MATHEMATICS
700 ## - ADDED ENTRY--PERSONAL NAME
Personal name Gatford, J. D
995 ## -
-- MEDICAL LIBRARY OPEN ACCESS
-- 901775
-- CBU-SCHOOL OF MEDICINE LIBRARY (Ndola)
-- 0.00
-- RS 57 Gat
-- 1
-- AVAILABLE
-- Jul 19, 2012
-- 901775
-- Medical Library Open Access Collection
999 ## -
-- 32198
-- 32198
Holdings
Withdrawn status Lost status Source of classification or shelving scheme Damaged status Not for loan Permanent Location Current Location Shelving location Date acquired Total Checkouts Full call number Barcode Date last seen Price effective from Koha item type
          CBU-SCHOOL OF MEDICINE LIBRARY, NDOLA. CBU-SCHOOL OF MEDICINE LIBRARY, NDOLA.   11/30/2022   RS 57 Gat 901775 11/30/2022 11/30/2022 MONOGRAPH